000
00328nam a22001457a 4500
003
OSt
005
20211231102526.0
008
211231b |||||||| |||| 00| 0 eng d
040
_c
HU
050
_a
005.3
082
_a
005.3
100
_a
Bunin Bibeller
_9
26566
245
_a
WordPerfect 6.1 for windows
942
_2
ddc
_c
BOOKS
_n
0
999
_c
25488
_d
25488